000 00597nam a2200229Ia 4500
003 OSt
005 20220924115254.0
006 a|||||r|||| 00| 0
007 ta
008 220923b |||||||| |||| 00| 0 urd d
024 _a314088
037 _cTextual
040 _aARTS
_cARTS
_burd
041 _2urd
_aurd
082 _aO168,1MPA,1, J1
100 _aSyed Matubi
_9177497
245 0 _aPanhari
260 _aDelhi
_bAnjuman Taraqqi Urdu India
_c1951
650 _aURDU POETRY
942 _hO168,1MPA,1, J1
_cTEXL
_2CC
999 _c397547
_d397547